00540nam a22002057a 450000500170000001000130001702000220003003500130005203700160006504000120008108200160009310000200010924500490012924600060017826000390018427000530022330000240027665000160030065000180031620170124110159.0 aA-306136 c00.00a8120201841 aA-306136 bCen Lib/Ret aDPLbEN a181.45bRAN aRanchan, Som P. aNew sights on the gita /cby Som P. Ranchan  b  bAjanta Publications aDelhi c1987 bDelhi a7255/8 prem nagar, shakti nagar e110007 avi, 109p.c19cm(Hb) aPhilosophy  aBhagvad Gita